Welcome to the Holygrace Academy Library

Please use search bar below to get started

THE HARDY BOYS: THE SINISTER SIGNPOST (Record no. 8604)

MARC details
000 -LEADER
fixed length control field 00452nam a22001577a 4500
020 ## - INTERNATIONAL STANDARD BOOK NUMBER
ISBN 978-0-448-08915-7
082 ## - DEWEY DECIMAL CLASSIFICATION NUMBER
Classification number 823
Item number DIX/H
100 ## - MAIN ENTRY--AUTHOR NAME
Personal name DIXON, FRANKLIN W
245 ## - TITLE STATEMENT
Title THE HARDY BOYS: THE SINISTER SIGNPOST
246 ## - VARYING FORM OF TITLE
Title proper/short title THE HARDY BOYS: THE SINISTER SIGNPOST
Remainder of title THE HARDY BOYS: THE SINISTER SIGNPOST
260 ## - PUBLICATION, DISTRIBUTION, ETC. (IMPRINT)
Place of publication U S A
Name of publisher RANDOM
Year of publication 1996
300 ## - PHYSICAL DESCRIPTION
Number of Pages 175
520 ## - SUMMARY, ETC.
Summary, etc ENGLISH MYSTERIOUS STORY
650 ## - SUBJECT ADDED ENTRY--TOPICAL TERM
Topical Term ENGLISH MYSTERIOUS STORY
942 ## - ADDED ENTRY ELEMENTS (KOHA)
Koha item type Books
Holdings
Withdrawn status Lost status Collection code Home library Current library Shelving location Date acquired Source of acquisition Cost, normal purchase price Full call number Accession Number Koha item type
    Fiction Main Library Main Library NEW SHELF WITH NEW ENTRY 11/11/2023 PURCHASED 250.00 823 DIX/H 13345 Books